| 000 | 00892nam a22002777a 4500 | ||
|---|---|---|---|
| 005 | 20220528103545.0 | ||
| 008 | 220517b2009 ii ||||e |||| 00| 0 eng d | ||
| 020 |
_a9788190764322 : _cRs.900.00 |
||
| 040 |
_aNLI _beng _cEnglish Processing Division |
||
| 041 | 0 | _aeng | |
| 044 | _aii | ||
| 082 | 0 | 4 |
_223rd ed. _aE 954.03 _bSi 64 aw |
| 100 | 1 |
_6880-01 _aSingh, Vidyotma, _d1940- _91414750 |
|
| 245 | 1 | 0 |
_6880-02 _aAwakening to Indian nationalism and manifestation of Swaraj / _cVidyotma Singh |
| 260 |
_aDelhi : _bVista International Pub. House, _c2009 |
||
| 300 |
_avii, 360 p. ; _c22 cm. |
||
| 650 | 0 |
_aNationalism _zIndia _xHistory |
|
| 651 | 0 |
_aIndia _xPolitics and government _y1857-1919 _9686362 |
|
| 651 | 0 |
_aIndia _xPolitics and government _y1919-1947 |
|
| 700 | 1 | _6880-03 | |
| 852 | _aBB | ||
| 880 | 1 | _6100-01 | |
| 887 | _aE. Haque | ||
| 887 | _apatil2205 | ||
| 942 |
_2ddc _cBKS |
||
| 999 |
_c1536282 _d1536282 |
||